[Event "Seefeld op 18th"]
[Site "Seefeld"]
[Date "2007.09.06"]
[Round "6"]
[White "Schultheisz, Egon"]
[Black "Verwer, Renzo"]
[Result "1-0"]
[WhiteElo "1980"]
[BlackElo "1600"]
[PlyCount "56"]
[EventDate "2007.09.01"]
[EventType "swiss"]
[EventRounds "9"]
[EventCountry "AUT"]
[SourceTitle "EXT 2009"]
[Source "ChessBase"]
[SourceDate "2008.11.26"]
[SourceVersion "1"]
[SourceVersionDate "2008.11.26"]
[SourceQuality "1"]

1. e4 c5 2. Nf3 Nf6 3. e5 Nd5 4. Bc4 Nb6 5. Na3 d5 6. exd6 exd6 7. 0-0 d5 8. Re1+ Be7 9. Be2 Nc6 10. b3 Be6 11. c3 g5 12. Bb5 Qd6 13. d4 0-0-0 14. Be3 Nd7 15. dxc5 Nxc5 16. Nd4 Ne5 17. b4 Ne4 18. Nxe6 fxe6 19. Bxa7 Rdf8 20. Qe2 h5 21. f3 Ng4 22. fxg4 hxg4 23. g3 Rh3 24. Rad1 Qc7 25. Qxg4 Rh6 26. Rxe4 dxe4 27. Bd7+ Kd8 28. Nb5 Qe5 1-0

[Event "Seefeld op 18th"]
[Site "Seefeld"]
[Date "2007.09.01"]
[Round "1"]
[White "Van der Weide, Karel"]
[Black "Schultheisz, Egon"]
[Result "1-0"]
[WhiteElo "2502"]
[BlackElo "1980"]
[PlyCount "55"]
[EventDate "2007.09.01"]
[EventType "swiss"]
[EventRounds "9"]
[EventCountry "AUT"]
[SourceTitle "EXT 2009"]
[Source "ChessBase"]
[SourceDate "2008.11.26"]
[SourceVersion "1"]
[SourceVersionDate "2008.11.26"]
[SourceQuality "1"]

1. e4 e6 2. d4 d5 3. Nc3 Bb4 4. e5 Ne7 5. a3 Ba5 6. b4 Bb6 7. Nf3 a5 8. Rb1 axb4 9. axb4 Bd7 10. Bd3 h6 11. 0-0 Ng6 12. Ne2 0-0 13. Be3 Qe8 14. b5 Qd8 15. Qd2 f5 16. exf6 Qxf6 17. Bxh6 gxh6 18. Qxh6 Be8 19. Ng5 Qg7 20. Qxg7+ Kxg7 21. Nxe6+ Kg8 22. Nxf8 Nxf8 23. Ra1 Ba5 24. f4 Nbd7 25. f5 b6 26. g4 Rd8 27. g5 Bh5 28. Nf4 1-0

[Event "Mainz CCM5 sim"]
[Site "Mainz"]
[Date "2005.08.??"]
[Round "?"]
[White "Grischuk, Alexander"]
[Black "Schultheisz, Egon"]
[Result "1/2-1/2"]
[WhiteElo "2720"]
[BlackElo "1980"]
[PlyCount "54"]
[EventDate "2005.08.??"]
[EventType "simul"]
[EventRounds "1"]
[EventCountry "GER"]
[SourceTitle "EXT 2007"]
[Source "ChessBase"]
[SourceDate "2006.11.23"]
[SourceVersion "1"]
[SourceVersionDate "2006.11.23"]
[SourceQuality "1"]

1. Nf3 Nf6 2. c4 d6 3. d4 Bg4 4. Nc3 Bxf3 5. exf3 e6 6. f4 Nbd7 7. d5 e5 8. Be2 Be7 9. 0-0 0-0 10. fxe5 Nxe5 11. Be3 Ned7 12. Qc2 Re8 13. Rfe1 a6 14. Rad1 Ne5 15. h3 Qd7 16. Bd4 Ng6 17. Bf1 Nh5 18. Qe2 Nf6 19. Qf3 Nh4 20. Qf4 Nf5 21. g3 Nxd4 22. Qxd4 Bf8 23. Bg2 Rxe1+ 24. Rxe1 Re8 25. Rxe8 Qxe8 26. Kf1 Qd7 27. Qd3 h6 1/2-1/2

[Event "Hohenloher op 10th"]
[Site "Forchtenberg"]
[Date "2003.06.22"]
[Round "7"]
[White "Kamm, Guenther"]
[Black "Schultheisz, Egon"]
[Result "1-0"]
[WhiteElo "2060"]
[BlackElo "1712"]
[PlyCount "107"]
[EventDate "2003.06.19"]
[EventType "swiss"]
[EventRounds "7"]
[EventCountry "GER"]
[SourceTitle "EXT 2004"]
[Source "ChessBase"]
[SourceDate "2003.11.25"]
[SourceVersion "1"]
[SourceVersionDate "2003.11.25"]
[SourceQuality "1"]

1. e4 e5 2. Nc3 Nf6 3. Nf3 Nc6 4. d4 d6 5. Bb5 Bd7 6. d5 Ne7 7. Be2 Ng6 8. g3 Be7 9. h4 h6 10. h5 Nf8 11. Nh4 Qc8 12. f4 Bg4 13. Bxg4 Qxg4 14. Qxg4 Nxg4 15. Nb5 Bd8 16. Nf5 Rg8 17. Ke2 a6 18. Nbxd6+ cxd6 19. Nxd6+ Ke7 20. Nf5+ Ke8 21. Kf3 Nf6 22. fxe5 N6h7 23. Bf4 Nd7 24. Nd6+ Ke7 25. Nxf7 Kxf7 26. e6+ Ke7 27. exd7 Kxd7 28. e5 Rc8 29. c3 Rf8 30. Ke4 Rc4+ 31. Kd3 Rc5 32. c4 Bg5 33. b4 Rcc8 34. Rhf1 Rf5 35. e6+ Ke8 36. d6 Rc6 37. c5 Nf6 38. d7+ Nxd7 39. exd7+ Kxd7 40. Bd6 Rd5+ 41. Ke4 Ke6 42. Rf8 Rd2 43. Re8+ Kd7 44. Rb8 b5 45. Rf1 Bf6 46. Kf5 Rxa2 47. Rb7+ Kc8 48. Ra7 Re2 49. Rf4 Re3 50. Re4 Rxe4 51. Kxe4 Bc3 52. Kd5 Rxd6+ 53. Kxd6 Bxb4 54. Kc6 1-0

[Event "Merano Gold Cup 29th"]
[Site "Merano"]
[Date "2001.??.??"]
[Round "9"]
[White "Schultheisz, Egon"]
[Black "Fischer, Roger"]
[Result "0-1"]
[WhiteElo "1715"]
[BlackElo "2151"]
[PlyCount "106"]
[EventDate "2001.05.??"]
[EventType "swiss"]
[EventRounds "9"]
[EventCountry "ITA"]
[SourceTitle "EXT 2005"]
[Source "ChessBase"]
[SourceDate "2004.11.15"]
[SourceVersion "1"]
[SourceVersionDate "2004.11.15"]
[SourceQuality "1"]

1. e4 d6 2. Nf3 Nf6 3. Nc3 g6 4. d4 Bg7 5. Be3 c6 6. h3 Qc7 7. Bd3 Nbd7 8. Qd2 b5 9. 0-0 Bb7 10. Rfe1 e5 11. dxe5 dxe5 12. Rad1 0-0 13. Bh6 Nc5 14. Bxg7 Kxg7 15. Qe3 Ne6 16. Ne2 Nh5 17. g3 a6 18. Rd2 Rfd8 19. Red1 Rd7 20. c3 Rad8 21. Bc2 Rxd2 22. Rxd2 c5 23. Ng5 Nxg5 24. Qxg5 Rxd2 25. Qxd2 Nf6 26. f3 Qd7 27. Qxd7 Nxd7 28. Kf2 c4 29. b3 cxb3 30. Bxb3 Nc5 31. Bc2 Bc8 32. h4 Be6 33. Nc1 f6 34. Ke3 Bc4 35. a3 Kf7 36. Nd3 Nxd3 37. Bxd3 Bb3 38. Be2 Ke7 39. Kd2 Kd6 40. Kc1 Kc5 41. Kb2 Bc4 42. Bd1 a5 43. Kc1 a4 44. Kd2 Bf1 45. Ke1 Bd3 46. Kd2 Kc4 47. g4 h6 48. Bc2 Bxc2 49. Kxc2 h5 50. Kd2 Kb3 51. g5 fxg5 52. hxg5 Kc4 53. Ke3 Kxc3 0-1

[Event "Merano Gold Cup 29th"]
[Site "Merano"]
[Date "2001.??.??"]
[Round "1"]
[White "Schultheisz, Egon"]
[Black "Schiffer, Steve"]
[Result "0-1"]
[WhiteElo "1715"]
[BlackElo "2167"]
[PlyCount "44"]
[EventDate "2001.05.??"]
[EventType "swiss"]
[EventRounds "9"]
[EventCountry "ITA"]
[SourceTitle "EXT 2005"]
[Source "ChessBase"]
[SourceDate "2004.11.15"]
[SourceVersion "1"]
[SourceVersionDate "2004.11.15"]
[SourceQuality "1"]

1. e4 g6 2. d4 Bg7 3. Bc4 d6 4. Ne2 Nf6 5. f3 c5 6. c3 cxd4 7. Nxd4 0-0 8. Be3 a6 9. 0-0 Nbd7 10. Qd2 Qc7 11. Na3 Rd8 12. Qf2 b5 13. Bb3 Bb7 14. Rac1 d5 15. exd5 Nxd5 16. Bg5 Ne5 17. Qe2 Rd7 18. f4 Nc6 19. Ne6 Qb6+ 20. Kh1 Bf6 21. Rcd1 Na5 22. Bc2 Qxe6 0-1